<?xml version="1.0" encoding="UTF-8"?>
<collection xmlns="http://www.loc.gov/MARC21/slim">
    <record>
        <controlfield tag="001">32159</controlfield>
        <controlfield tag="005">20210121082858.0</controlfield>
        <datafield tag="024" ind1="7" ind2=" ">
            <subfield code="2">doi</subfield>
            <subfield code="a">10.3989/ic.14.049</subfield>
        </datafield>
        <datafield tag="024" ind1="8" ind2=" ">
            <subfield code="2">sideral</subfield>
            <subfield code="a">86129</subfield>
        </datafield>
        <datafield tag="037" ind1=" " ind2=" ">
            <subfield code="a">ART-2015-86129</subfield>
        </datafield>
        <datafield tag="041" ind1=" " ind2=" ">
            <subfield code="a">spa</subfield>
        </datafield>
        <datafield tag="100" ind1=" " ind2=" ">
            <subfield code="0">(orcid)0000-0002-1916-5812</subfield>
            <subfield code="a">Cervero Sánchez, Noelia</subfield>
            <subfield code="u">Universidad de Zaragoza</subfield>
        </datafield>
        <datafield tag="245" ind1=" " ind2=" ">
            <subfield code="a">Remodelación, Transformación y Rehabilitación. Tres formas de intervenir en la Vivienda Social del siglo XX</subfield>
        </datafield>
        <datafield tag="260" ind1=" " ind2=" ">
            <subfield code="c">2015</subfield>
        </datafield>
        <datafield tag="506" ind1="0" ind2=" ">
            <subfield code="a">Access copy available to the general public</subfield>
            <subfield code="f">Unrestricted</subfield>
        </datafield>
        <datafield tag="520" ind1="3" ind2=" ">
            <subfield code="a">La vivienda social construida en Espan~a entre 1939 y 1976 supone un patro´n urbano extendido en la ciudad contempora´- nea. Sus condiciones de partida y el efecto del tiempo la han llevado a desarrollar una serie de obsolescencias, que hacen necesario intervenir para conseguir su revitalizacio´n. Los programas desarrollados en los u´ltimos an~os se ocupan de dotar a las edificaciones de unos niveles de habitabilidad adecuados, pero tambie´n de su articulacio´n como grupo, y de su inte- gracio´n en la distribucio´n socioecono´mica del nu´cleo urbano. Mediante el ana´lisis de la Remodelacio´n Urbana de Orcasitas (Madrid) y de las Viviendas del Gobernador (Barcelona), la Transformacio´n Urbana de La Mina (Barcelona) y la Rehabili- tacio´n Integral del Barrio de Lourdes (Tudela) se estudiara´ la evolucio´n de estos modelos de actuacio´n.

Social housing built in Spain between 1939 and 1976 constitutes a widespread urban pattern in contemporary cities. Its initial conditions, along with the effects of time, have led to obsolescence, requiring refurbishment for revitalisation. Pro- grams developed over the last few years not only have provided the buildings with the appropriate standards of living conditions, but also have articulated them as a whole, integrating them into the socio-economic configuration of their urban area. The evolution of these intervention models will be reviewed analyzing the Urban Remodeling of Orcasitas (Madrid) and Viviendas del Gobernador housing (Barcelona), the Urban Transformation of La Mina (Barcelona) and the Integral Renovation of Barrio de Lourdes (Tudela)</subfield>
        </datafield>
        <datafield tag="536" ind1=" " ind2=" ">
            <subfield code="9">info:eu-repo/grantAgreement/ES/MINECO/BIA2013-44001-R</subfield>
        </datafield>
        <datafield tag="540" ind1=" " ind2=" ">
            <subfield code="9">info:eu-repo/semantics/openAccess</subfield>
            <subfield code="a">by-nc-nd</subfield>
            <subfield code="u">http://creativecommons.org/licenses/by-nc-nd/3.0/es/</subfield>
        </datafield>
        <datafield tag="590" ind1=" " ind2=" ">
            <subfield code="a">0.227</subfield>
            <subfield code="b">2015</subfield>
        </datafield>
        <datafield tag="591" ind1=" " ind2=" ">
            <subfield code="a">CONSTRUCTION &amp; BUILDING TECHNOLOGY</subfield>
            <subfield code="b">54 / 61 = 0.885</subfield>
            <subfield code="c">2015</subfield>
            <subfield code="d">Q4</subfield>
            <subfield code="e">T3</subfield>
        </datafield>
        <datafield tag="592" ind1=" " ind2=" ">
            <subfield code="a">0.247</subfield>
            <subfield code="b">2015</subfield>
        </datafield>
        <datafield tag="593" ind1=" " ind2=" ">
            <subfield code="a">Architecture</subfield>
            <subfield code="c">2015</subfield>
            <subfield code="d">Q2</subfield>
        </datafield>
        <datafield tag="593" ind1=" " ind2=" ">
            <subfield code="a">Civil and Structural Engineering</subfield>
            <subfield code="c">2015</subfield>
            <subfield code="d">Q3</subfield>
        </datafield>
        <datafield tag="593" ind1=" " ind2=" ">
            <subfield code="a">Environmental Engineering</subfield>
            <subfield code="c">2015</subfield>
            <subfield code="d">Q3</subfield>
        </datafield>
        <datafield tag="593" ind1=" " ind2=" ">
            <subfield code="a">Building and Construction</subfield>
            <subfield code="c">2015</subfield>
            <subfield code="d">Q3</subfield>
        </datafield>
        <datafield tag="655" ind1=" " ind2="4">
            <subfield code="a">info:eu-repo/semantics/article</subfield>
            <subfield code="v">info:eu-repo/semantics/publishedVersion</subfield>
        </datafield>
        <datafield tag="700" ind1=" " ind2=" ">
            <subfield code="0">(orcid)0000-0002-0397-9766</subfield>
            <subfield code="a">Agustín Hernández, Luis</subfield>
            <subfield code="u">Universidad de Zaragoza</subfield>
        </datafield>
        <datafield tag="710" ind1="2" ind2=" ">
            <subfield code="1">5010</subfield>
            <subfield code="2">300</subfield>
            <subfield code="a">Universidad de Zaragoza</subfield>
            <subfield code="b">Unidad Predepartam. Arquitect.</subfield>
            <subfield code="c">Área Expresión Gráfica Arquite</subfield>
        </datafield>
        <datafield tag="773" ind1=" " ind2=" ">
            <subfield code="g">67, Extra 1 (2015), [11 pp]</subfield>
            <subfield code="p">Inf. constr.</subfield>
            <subfield code="t">Informes de la Construccion</subfield>
            <subfield code="x">0020-0883</subfield>
        </datafield>
        <datafield tag="856" ind1="4" ind2=" ">
            <subfield code="s">3510319</subfield>
            <subfield code="u">http://zaguan.unizar.es/record/32159/files/texto_completo.pdf</subfield>
            <subfield code="y">Versión publicada</subfield>
        </datafield>
        <datafield tag="856" ind1="4" ind2=" ">
            <subfield code="s">80749</subfield>
            <subfield code="u">http://zaguan.unizar.es/record/32159/files/texto_completo.jpg?subformat=icon</subfield>
            <subfield code="x">icon</subfield>
            <subfield code="y">Versión publicada</subfield>
        </datafield>
        <datafield tag="909" ind1="C" ind2="O">
            <subfield code="o">oai:zaguan.unizar.es:32159</subfield>
            <subfield code="p">articulos</subfield>
            <subfield code="p">driver</subfield>
        </datafield>
        <datafield tag="951" ind1=" " ind2=" ">
            <subfield code="a">2021-01-21-08:14:32</subfield>
        </datafield>
        <datafield tag="980" ind1=" " ind2=" ">
            <subfield code="a">ARTICLE</subfield>
        </datafield>
    </record>

    
</collection>